| 000 | 00534nam a2200217Ia 4500 | ||
|---|---|---|---|
| 003 | OSt | ||
| 005 | 20220924133219.0 | ||
| 006 | a|||||r|||| 00| 0 | ||
| 007 | ta | ||
| 008 | 220923b |||||||| |||| 00| 0 tam d | ||
| 024 | _a260281 | ||
| 037 | _cTextual | ||
| 040 |
_aARTS _cARTS _btam |
||
| 041 |
_2tam _atam |
||
| 082 | _aO31,1B3, N4 | ||
| 100 |
_aPillai Narayana Velu _9205908 |
||
| 245 | 0 | _aIngurunuru | |
| 260 | _c1994 | ||
| 942 |
_hO31,1B3, N4 _cTEXL _2CC |
||
| 999 |
_c433020 _d433020 |
||